[Event "Hamburg St Pauli op-B"]
[Site "Hamburg"]
[Date "2011.07.11"]
[Round "4"]
[White "Kalauch, Lucas"]
[Black "Svane, Freja"]
[Result "1-0"]
[WhiteElo "1524"]
[BlackElo "820"]
[PlyCount "59"]
[EventDate "2011.07.09"]
[EventType "swiss"]
[EventRounds "9"]
[EventCountry "GER"]
[SourceTitle "CBM 143 Extra"]
[Source "ChessBase"]
[SourceDate "2011.08.29"]
[SourceVersion "1"]
[SourceVersionDate "2011.08.29"]
[SourceQuality "1"]

1. d4 d5 2. Nf3 Nc6 3. e3 Bg4 4. Bd3 Qd7 5. Nbd2 0-0-0 6. 0-0 Kb8 7. c3 b6 8. e4 dxe4 9. Nxe4 Qe6 10. Neg5 Qd5 11. Be4 Qd7 12. Nxf7 Re8 13. Nxh8 Nf6 14. Bd3 Bh3 15. gxh3 Qxh3 16. Nf7 Ng4 17. N7g5 Qh4 18. Nxh4 Nf6 19. Ne6 g6 20. Bb5 Kb7 21. Qf3 Kb8 22. Bxc6 h5 23. Bf4 a5 24. Ba8 Kc8 25. Qb7+ Kd7 26. Qc6+ Kc8 27. Bb7+ Kb8 28. Bxc7+ Ka7 29. Bxb6+ Kb8 30. Qc7# 1-0

[Event "Harburg-chI 8th"]
[Site "Hamburg"]
[Date "2010.08.22"]
[Round "4"]
[White "Boehme, Matthias"]
[Black "Kalauch, Lucas"]
[Result "0-1"]
[WhiteElo "1365"]
[BlackElo "1417"]
[PlyCount "114"]
[EventDate "2010.08.20"]
[EventType "tourn"]
[EventRounds "5"]
[EventCountry "GER"]
[SourceTitle "EXT 2012"]
[Source "ChessBase"]
[SourceDate "2011.11.24"]
[SourceVersion "1"]
[SourceVersionDate "2011.11.24"]
[SourceQuality "1"]

1. e4 c5 2. d4 cxd4 3. c3 dxc3 4. Nxc3 Nc6 5. Nf3 e6 6. Bc4 Bc5 7. 0-0 Nge7 8. a3 0-0 9. b4 Bb6 10. Bb2 a6 11. Na4 Bc7 12. Nh4 b5 13. Qg4 Be5 14. Nc3 Bxh2+ 15. Kxh2 Ne5 16. Qg3 Nxc4 17. Bc1 Bb7 18. f4 Ng6 19. Nf3 Rc8 20. f5 Nh8 21. e5 exf5 22. Nd4 Ng6 23. Nxf5 Ncxe5 24. Re1 Qf6 25. Rf1 Ng4+ 26. Qxg4 Qxc3 27. Rb1 Qc4 28. Qd1 Qe4 29. Rb2 Qe5+ 30. Kg1 Rc6 31. Re2 Rxc1 32. Rxe5 Rxd1 33. Ne7+ Nxe7 34. Rxd1 Ng6 35. Re2 Rd8 36. Ree1 d5 37. Rd4 h6 38. Rc1 Rd7 39. Re1 Ne7 40. Rd2 d4 41. Rde2 Kf8 42. Rd1 d3 43. Re3 f6 44. Rexd3 Rxd3 45. Rxd3 Nd5 46. g3 Kf7 47. Kf2 g5 48. Rd4 f5 49. Kg1 h5 50. Kh2 Kf6 51. Kh3 f4 52. gxf4 Nxf4+ 53. Kg3 Ne2+ 54. Kh2 Nxd4 55. Kg3 h4+ 56. Kg4 Ke5 57. Kh3 Bc8+ 0-1

[Event "Harburg-chI 8th"]
[Site "Hamburg"]
[Date "2010.08.22"]
[Round "5"]
[White "Kalauch, Lucas"]
[Black "Brandt, Michael"]
[Result "1/2-1/2"]
[WhiteElo "1417"]
[BlackElo "1418"]
[PlyCount "55"]
[EventDate "2010.08.20"]
[EventType "tourn"]
[EventRounds "5"]
[EventCountry "GER"]
[SourceTitle "EXT 2012"]
[Source "ChessBase"]
[SourceDate "2011.11.24"]
[SourceVersion "1"]
[SourceVersionDate "2011.11.24"]
[SourceQuality "1"]

1. d4 Nf6 2. Nf3 e6 3. e3 d5 4. Bd3 c5 5. c3 c4 6. Bc2 Bd6 7. Nbd2 0-0 8. 0-0 b5 9. e4 dxe4 10. Nxe4 Bb7 11. Nxf6+ Qxf6 12. Bg5 Bxf3 13. Bxf6 Bxd1 14. Raxd1 gxf6 15. Be4 Nd7 16. Bxa8 Rxa8 17. f4 Nb6 18. Rde1 Nd5 19. f5 e5 20. dxe5 Bxe5 21. g3 a5 22. Re4 Ne7 23. g4 Nc6 24. Rd1 Re8 25. Kg2 Rd8 26. Rxd8+ Nxd8 27. g5 Kg7 28. h4 1/2-1/2

[Event "Harburg-chI 8th"]
[Site "Hamburg"]
[Date "2010.08.20"]
[Round "1"]
[White "Eschweiler, Markus"]
[Black "Kalauch, Lucas"]
[Result "1/2-1/2"]
[WhiteElo "1373"]
[BlackElo "1417"]
[PlyCount "83"]
[EventDate "2010.08.20"]
[EventType "tourn"]
[EventRounds "5"]
[EventCountry "GER"]
[SourceTitle "EXT 2012"]
[Source "ChessBase"]
[SourceDate "2011.11.24"]
[SourceVersion "1"]
[SourceVersionDate "2011.11.24"]
[SourceQuality "1"]

1. c4 b6 2. Nc3 Bb7 3. d4 d5 4. cxd5 Bxd5 5. e4 Bb7 6. Nf3 e6 7. a3 c5 8. Bb5+ Nd7 9. Ne5 Ngf6 10. Qa4 cxd4 11. Qxd4 Bc5 12. Qd3 h6 13. 0-0 a6 14. Bxd7+ Nxd7 15. Nxd7 Qxd7 16. Qxd7+ Kxd7 17. Rd1+ Ke7 18. b4 Bd6 19. Be3 Be5 20. Bd4 Bxd4 21. Rxd4 Rac8 22. Na4 Rcd8 23. Rc4 Rc8 24. Rxc8 Rxc8 25. e5 b5 26. Nc5 Rc7 27. f4 Kd8 28. g3 Kc8 29. Kf2 Rc6 30. Rd1 Rc7 31. h4 a5 32. Rd6 axb4 33. axb4 Rc6 34. Ke3 Ba8 35. g4 g6 36. f5 gxf5 37. gxf5 exf5 38. Kf4 Rxd6 39. exd6 Be4 40. Ke5 Bb1 41. d7+ Kd8 42. Kd6 1/2-1/2

[Event "Hamburg-ch U14"]
[Site "Schoenhagen"]
[Date "2009.03.16"]
[Round "3"]
[White "Pfeiffer, Daniel"]
[Black "Kalauch, Lucas"]
[Result "1-0"]
[WhiteElo "1793"]
[BlackElo "1259"]
[PlyCount "45"]
[EventDate "2009.03.14"]
[EventType "swiss"]
[EventRounds "9"]
[EventCountry "GER"]
[SourceTitle "EXT 2010"]
[Source "ChessBase"]
[SourceDate "2010.11.25"]
[SourceVersion "1"]
[SourceVersionDate "2010.11.25"]
[SourceQuality "1"]

1. d4 d5 2. Nc3 Nf6 3. Bg5 Nbd7 4. Qd3 c6 5. 0-0-0 g6 6. f3 Bg7 7. e4 Nb6 8. e5 Nfd7 9. f4 0-0 10. g4 f6 11. Bh4 Re8 12. e6 Nf8 13. f5 g5 14. Bg3 a5 15. h4 Bh6 16. Kb1 a4 17. Nf3 Nc4 18. hxg5 Bxg5 19. Nxg5 fxg5 20. Rh5 Qb6 21. Rxg5+ Kh8 22. Qxc4 dxc4 23. Be5# 1-0

[Event "GER-chT U14"]
[Site "Verden"]
[Date "2008.12.29"]
[Round "6.4"]
[White "Kalauch, Lucas"]
[Black "Schnurr, Christian"]
[Result "1/2-1/2"]
[WhiteElo "1325"]
[BlackElo "1480"]
[PlyCount "38"]
[EventDate "2008.12.27"]
[EventType "team-swiss"]
[EventRounds "7"]
[EventCountry "GER"]
[SourceTitle "EXT 2010"]
[Source "ChessBase"]
[SourceDate "2010.11.25"]
[SourceVersion "1"]
[SourceVersionDate "2010.11.25"]
[SourceQuality "1"]
[WhiteTeam "Marmstorf"]
[BlackTeam "Ergolding"]
[WhiteTeamCountry "GER"]
[BlackTeamCountry "GER"]

1. c4 e5 2. Nc3 Nf6 3. e4 Be7 4. g3 d6 5. h3 Be6 6. d3 Nc6 7. Bg2 Nd4 8. Nge2 c5 9. 0-0 Qc8 10. Kh2 Nd7 11. f4 f6 12. Be3 Nb8 13. Qd2 Nbc6 14. a3 Nb3 15. Qd1 Nxa1 16. Qxa1 0-0 17. f5 Bf7 18. g4 h6 19. Qc1 Kh7 1/2-1/2

[Event "GER-chT U14"]
[Site "Verden"]
[Date "2008.12.28"]
[Round "4.4"]
[White "Schnepper, Philipp"]
[Black "Kalauch, Lucas"]
[Result "1/2-1/2"]
[WhiteElo "1470"]
[BlackElo "1325"]
[PlyCount "75"]
[EventDate "2008.12.27"]
[EventType "team-swiss"]
[EventRounds "7"]
[EventCountry "GER"]
[SourceTitle "EXT 2010"]
[Source "ChessBase"]
[SourceDate "2010.11.25"]
[SourceVersion "1"]
[SourceVersionDate "2010.11.25"]
[SourceQuality "1"]
[WhiteTeam "Mainaschaff"]
[BlackTeam "Marmstorf"]
[WhiteTeamCountry "GER"]
[BlackTeamCountry "GER"]

1. e4 c5 2. Nf3 e6 3. d4 cxd4 4. Nxd4 Bc5 5. Nb3 Bb6 6. Nc3 Ne7 7. Bd3 Nbc6 8. 0-0 0-0 9. Re1 d6 10. Be3 Bc7 11. Qd2 f5 12. Re2 Ne5 13. Rae1 fxe4 14. Nxe4 d5 15. Ng3 Nc4 16. Bxc4 dxc4 17. Qxd8 Rxd8 18. Nd4 Nf5 19. Ndxf5 exf5 20. f4 g6 21. Nf1 Bd7 22. g3 Bc6 23. Nd2 b5 24. c3 a6 25. Bd4 Re8 26. Rxe8+ Rxe8 27. Rxe8+ Bxe8 28. Kf2 Bc6 29. Ke3 Kf7 30. Ke2 Bd5 31. Kf2 h5 32. h4 Ke6 33. Ke3 a5 34. Ke2 a4 35. a3 Kd7 36. Kf2 Kc6 37. Ke3 Kd7 38. Ke2 1/2-1/2

[Event "GER-chT U14"]
[Site "Verden"]
[Date "2008.12.27"]
[Round "1.4"]
[White "Hahn, Niklas"]
[Black "Kalauch, Lucas"]
[Result "1-0"]
[WhiteElo "1171"]
[BlackElo "1325"]
[PlyCount "91"]
[EventDate "2008.12.27"]
[EventType "team-swiss"]
[EventRounds "7"]
[EventCountry "GER"]
[SourceTitle "EXT 2010"]
[Source "ChessBase"]
[SourceDate "2010.11.25"]
[SourceVersion "1"]
[SourceVersionDate "2010.11.25"]
[SourceQuality "1"]
[WhiteTeam "Balingen"]
[BlackTeam "Marmstorf"]
[WhiteTeamCountry "GER"]
[BlackTeamCountry "GER"]

1. e4 Nf6 2. Nc3 d5 3. e5 d4 4. exf6 dxc3 5. fxe7 cxd2+ 6. Bxd2 Bxe7 7. Bc4 0-0 8. Qh5 Bf6 9. Bd3 Re8+ 10. Ne2 g6 11. Qb5 a6 12. Qb3 Be6 13. Qxb7 Bd5 14. Qb4 Bxg2 15. Rg1 Nc6 16. Qf4 Bh3 17. Qf3 Be6 18. Qxc6 Bd5 19. Qa4 Qe7 20. Rg3 Bh4 21. Re3 Be6 22. Re4 Bg5 23. h4 Bxd2+ 24. Kxd2 f5 25. Re5 c5 26. Nf4 Qxh4 27. b3 Qxf2+ 28. Be2 Rad8+ 29. Nd3 c4 30. Qxe8+ Rxe8 31. Nxf2 cxb3 32. cxb3 Rd8+ 33. Nd3 Bf7 34. Rc1 f4 35. Rc7 Bd5 36. Bg4 Bg2 37. Rc8 Rxc8 38. Bxc8 f3 39. Bb7 h5 40. Rg5 Kh7 41. Ne5 h4 42. Bxf3 Bxf3 43. Nxf3 h3 44. a4 Kh6 45. Rg1 g5 46. Nxg5 1-0

[Event "GER North-chT U16"]
[Site "Magdeburg"]
[Date "2006.08.29"]
[Round "7.2"]
[White "Kalauch, Lucas"]
[Black "Schlon, Daniel"]
[Result "0-1"]
[WhiteElo "1026"]
[BlackElo "1044"]
[PlyCount "41"]
[EventDate "2006.08.26"]
[EventType "team"]
[EventRounds "7"]
[EventCountry "GER"]
[SourceTitle "EXT 2007"]
[Source "ChessBase"]
[SourceDate "2006.11.23"]
[SourceVersion "1"]
[SourceVersionDate "2006.11.23"]
[SourceQuality "1"]

1. d4 d5 2. Nf3 Nc6 3. e3 Nf6 4. Bd3 Bg4 5. c4 e6 6. c5 Be7 7. 0-0 0-0 8. Nc3 e5 9. e4 exd4 10. Nxd5 Nxd5 11. exd5 Qxd5 12. Re1 Bxf3 13. Qxf3 Qxf3 14. gxf3 Bxc5 15. Re4 Rfe8 16. Rg4 Kh8 17. Rf4 Re1+ 18. Kg2 Bb4 19. Rb1 h6 20. a3 Bd6 21. Rg4 0-1